| 000 | 00376nam a2200145Ia 4500 | ||
|---|---|---|---|
| 008 | 231129s1984||||xx |||||||||||||| ||spa|| | ||
| 020 | _a84-8280-343-3 | ||
| 040 | _bspa | ||
| 082 | _aF843 G453m | ||
| 100 | _aGide Andre | ||
| 245 | 0 | _aLos monederos falsos | |
| 260 | _c1984 | ||
| 264 | _aSeix Barral-La Oveja Negra | ||
| 942 |
_2ddc _cBKS |
||
| 999 |
_c19853 _d19853 |
||